000 01506nam a2200217 i 4500
001 46583
003 ES-MaACL
005 20250903004648.0
007 t|
008 030331s1920 sp ||||1| spa d
111 2 _aCongreso Nacional de Ingeniería
_n(1º.
_d1919.
_cMadrid)
_9537
245 1 0 _aPrimer Congreso Nacional de Ingeniería
_b: celebrado en Madrid durante los días 16 al 25 de noviembre de 1919.
260 _aMadrid :
_b[s.n.],
_c1920 (
_fSucesores de Rivadeneyra)
300 _a4 v. ;
_c25 cm.
500 _aPrecede al tít.: Instituto de Ingenieros Civiles de España.
505 8 _aContiene: I. Sección 1ª Obras públicas e industrias de transportes. Sección 2ª Material de transportes y construcción naval. Sección 3ª Mecánica, motores y máquinas-herramientas, 678 p., 1 h. II. Sección 4ª Minas y Metalurgia. Sección 5ª Física y Química industriales. Sección 6ª Electrotecnia, 582 p., 1 h. III. Sección 7ª Industria agrícola y sus derivados. Sección 8ª Industria forestal y sus derivados. Sección 9ª Aplicaciones de la industria nacional a las artes de la guerra, 636 p., 1 h. IV. Sección 10ª Enseñanza técnica elemental y superior. Sección 11ª Organización del trabajo, higiene y previsión sociales. Sección 12ª Economía y legislación industrial, 610 p., 2 h.
650 4 _aIngeniería-
_vCongresos y asambleas.
_9159745
710 2 _aInstituto de Ingenieros Civiles de España.
_94960
852 _aES-MaACL
_jB-4472-75
999 _c46583
_d46583